[Event "CZE-ch Amateurs Blitz"]
[Site "Hluk"]
[Date "2025.05.09"]
[Round "6"]
[White "Mametev, Artem"]
[Black "Vanek, Ladislav"]
[Result "0-1"]
[WhiteElo "2001"]
[BlackElo "2145"]
[PlyCount "124"]
[EventDate "2025.05.09"]
[EventType "swiss (blitz)"]
[EventRounds "13"]
[EventCountry "CZE"]
[SourceTitle "CB20_2025"]
[SourceDate "2025.05.14"]
[SourceVersion "1"]
[SourceVersionDate "2025.05.14"]
[SourceQuality "1"]

1. e4 d6 2. d4 Nf6 3. Nc3 e5 4. Nf3 Nbd7 5. Bc4 Be7 6. 0-0 0-0 7. Re1 c6 8. a4 a5 9. h3 h6 10. b3 Re8 11. Ba3 Rb8 12. Qd2 exd4 13. Nxd4 Ne5 14. Bf1 Bf8 15. Rad1 Qc7 16. f4 Ng6 17. Nf5 d5 18. Bxf8 Rxf8 19. Ng3 Qxf4 20. Qxf4 Nxf4 21. exd5 N4xd5 22. Nxd5 Nxd5 23. c4 Nf6 24. Re5 Be6 25. Rxa5 Rbd8 26. Rxd8 Rxd8 27. Ra7 Rd7 28. a5 Kf8 29. Ne2 Ke7 30. Nc3 Kd6 31. Na4 Kc7 32. a6 Kb8 33. Rxb7+ Rxb7 34. axb7 Kxb7 35. Nc5+ Kb6 36. Nxe6 fxe6 37. b4 Ne4 38. c5+ Kc7 39. Bd3 Nc3 40. Kf2 Nd5 41. b5 cxb5 42. Bxb5 Nc3 43. Bc4 Ne4+ 44. Ke3 Nxc5 45. Kd4 Kd6 46. Ba2 e5+ 47. Ke3 Nd7 48. Bb1 Nf6 49. g4 g5 50. Bc2 Kc5 51. Bb1 Kc4 52. Bd3+ Kc3 53. Bb1 Kb2 54. Be4 Kc1 55. Kd3 Kd1 56. Bf5 Ke1 57. Kc4 Kf2 58. Kc5 Kg3 59. Kd6 e4 60. Ke5 e3 61. Bd3 Nd7+ 62. Ke4 Nc5+ 0-1

[Event "CZE-ch Amateurs"]
[Site "Hluk"]
[Date "2025.05.06"]
[Round "2"]
[White "Steinbauer, Sebastian"]
[Black "Mametev, Artem"]
[Result "0-1"]
[WhiteElo "1979"]
[BlackElo "2263"]
[PlyCount "46"]
[EventDate "2025.05.06"]
[EventType "swiss"]
[EventRounds "9"]
[EventCountry "CZE"]
[SourceTitle "CB20_2025"]
[SourceDate "2025.05.14"]
[SourceVersion "1"]
[SourceVersionDate "2025.05.14"]
[SourceQuality "1"]

1. e4 c5 2. d4 cxd4 3. c3 dxc3 4. Nxc3 Nc6 5. Nf3 d6 6. Bc4 a6 7. 0-0 Nf6 8. Qe2 Bg4 9. Rd1 e6 10. Bf4 Qb8 11. b4 Nh5 12. Be3 Ne5 13. b5 Qc7 14. Bd5 exd5 15. Nxd5 Qd8 16. Rac1 Rc8 17. bxa6 bxa6 18. Bb6 Nxf3+ 19. gxf3 Nf4 20. Qxa6 Qg5 21. Nxf4 Rxc1 22. Bd8 Rxd1+ 23. Kg2 Bc8+ 0-1

[Event "Prague U20 rapid"]
[Site "Prague"]
[Date "2024.12.29"]
[Round "8"]
[White "Mametev, Artem"]
[Black "Mach, Petr2"]
[Result "1/2-1/2"]
[WhiteElo "2173"]
[BlackElo "2017"]
[PlyCount "30"]
[EventDate "2024.12.28"]
[EventType "tourn"]
[EventRounds "11"]
[EventCountry "CZE"]
[SourceTitle "CB02_2025"]
[SourceDate "2025.01.08"]
[SourceVersion "1"]
[SourceVersionDate "2025.01.08"]
[SourceQuality "1"]

1. e4 e5 2. Nf3 Nc6 3. d4 exd4 4. Bc4 Nf6 5. 0-0 Nxe4 6. Re1 d5 7. Bxd5 Qxd5 8. Nc3 Qh5 9. Nxe4 Be6 10. Bg5 Bd6 11. Nxd6+ cxd6 12. Bf4 Qd5 13. c3 0-0 14. Nxd4 Nxd4 15. Qxd4 Qxd4 1/2-1/2

[Event "Prague U20 rapid"]
[Site "Prague"]
[Date "2024.12.28"]
[Round "1"]
[White "Mametev, Artem"]
[Black "Bezdek, Tomas"]
[Result "1-0"]
[WhiteElo "2173"]
[BlackElo "1918"]
[PlyCount "51"]
[EventDate "2024.12.28"]
[EventType "tourn"]
[EventRounds "11"]
[EventCountry "CZE"]
[SourceTitle "CB02_2025"]
[SourceDate "2025.01.08"]
[SourceVersion "1"]
[SourceVersionDate "2025.01.08"]
[SourceQuality "1"]

1. e4 e6 2. d4 d5 3. Nd2 dxe4 4. Nxe4 Nd7 5. Nf3 Ngf6 6. Nxf6+ Nxf6 7. Bd3 c5 8. dxc5 Bxc5 9. Qe2 0-0 10. Bg5 Be7 11. 0-0-0 Nd5 12. Bxe7 Qxe7 13. Bxh7+ Kxh7 14. Rxd5 Qf6 15. Rh5+ Kg8 16. Ne5 g6 17. Rh3 Qg5+ 18. f4 Qxf4+ 19. Kb1 Rd8 20. Rf1 Qd2 21. Qf3 f5 22. Nxg6 Kf7 23. Ne5+ Kf6 24. Ng4+ Kg7 25. Ne3 Bd7 26. Qg3+ 1-0

[Event "Plzen Calliditas op 23rd"]
[Site "Plzen"]
[Date "2024.09.12"]
[Round "4"]
[White "Vlk, Miloslav"]
[Black "Mametev, Artem"]
[Result "1/2-1/2"]
[WhiteElo "1873"]
[BlackElo "2155"]
[PlyCount "106"]
[EventDate "2024.09.09"]
[EventType "swiss"]
[EventRounds "7"]
[EventCountry "CZE"]
[SourceTitle "EXT 2025"]
[Source "ChessBase"]
[SourceDate "2024.10.14"]
[SourceVersion "1"]
[SourceVersionDate "2024.10.14"]
[SourceQuality "1"]

1. c4 Nf6 2. Nc3 g6 3. g3 d5 4. cxd5 Nxd5 5. Bg2 Nb6 6. Nf3 Bg7 7. d4 0-0 8. 0-0 Nc6 9. d5 Na5 10. e4 c6 11. dxc6 Nxc6 12. Qe2 Bg4 13. Be3 Ne5 14. Rfd1 Qc7 15. Rac1 Qc4 16. Nxe5 Qxe2 17. Nxe2 Bxe2 18. Rd2 Bb5 19. Rc5 Ba6 20. Nd7 Nxd7 21. Rxd7 Bxb2 22. e5 Rad8 23. Rcd5 Rxd7 24. Rxd7 Bxe5 25. Bxb7 Bc4 26. Rxe7 Be6 27. Bc6 a6 28. a4 Bd6 29. Ra7 Bc4 30. Bb7 Rd8 31. Bxa6 Bb8 32. Bxc4 Bxa7 33. Bxa7 Ra8 34. Be3 Rxa4 35. Be2 h5 36. Kg2 Kg7 37. h3 Re4 38. g4 hxg4 39. hxg4 f5 40. gxf5 gxf5 41. Bd3 Rg4+ 42. Kf3 Kg6 43. Bf4 Kf6 44. Ke3 Rg8 45. Bc7 Rg4 46. Bb6 Ra4 47. Bd4+ Kg5 48. f3 Ra8 49. f4+ Kg4 50. Be5 Ra4 51. Bd6 Ra8 52. Kd4 Rd8 53. Ke5 Rxd6 1/2-1/2

[Event "EU-ch U18 blitz"]
[Site "Prague"]
[Date "2024.08.20"]
[Round "16"]
[White "Chyzy, Jakub"]
[Black "Mametev, Artem"]
[Result "1-0"]
[WhiteElo "2368"]
[BlackElo "2155"]
[PlyCount "117"]
[EventDate "2024.08.19"]
[EventType "swiss (blitz)"]
[EventRounds "18"]
[EventCountry "CZE"]
[SourceTitle "CBM 221 Extra"]
[Source "ChessBase"]
[SourceDate "2024.09.30"]
[SourceVersion "1"]
[SourceVersionDate "2024.09.30"]
[SourceQuality "1"]

1. e4 c5 2. Nf3 d6 3. d4 cxd4 4. Qxd4 Nc6 5. Bb5 Bd7 6. Bxc6 Bxc6 7. Nc3 Nf6 8. Bg5 e6 9. 0-0-0 Be7 10. Rhe1 0-0 11. Kb1 b5 12. e5 dxe5 13. Qxe5 Qb6 14. Nd4 b4 15. Nxc6 Qxc6 16. Ne4 Nd7 17. Qg3 Bxg5 18. Qxg5 f5 19. Ng3 Nf6 20. Qf4 Nd5 21. Qe5 Rfe8 22. Nh5 Qd7 23. Nf4 Qc7 24. Nxd5 Qxe5 25. Rxe5 exd5 26. Rdxd5 Rxe5 27. Rxe5 g6 28. Re7 a5 29. Kc1 Rd8 30. Re5 a4 31. c4 bxc3 32. bxc3 Kf7 33. Ra5 Rc8 34. Kc2 Rc4 35. Kd3 Rf4 36. f3 h5 37. c4 Rh4 38. h3 g5 39. Rxf5+ Kg6 40. Rd5 g4 41. fxg4 hxg4 42. Rd4 Rh8 43. Rxg4+ Kf5 44. Kc3 Re8 45. c5 Ke5 46. Rxa4 Kd5 47. Rg4 Re3+ 48. Kd2 Ra3 49. Ke2 Rxa2+ 50. Kf3 Kxc5 51. Re4 Kd5 52. Re3 Ra8 53. g4 Rf8+ 54. Kg3 Kd4 55. Re7 Kd5 56. g5 Kd6 57. Re1 Kd7 58. Kg4 Rf2 59. h4 1-0

[Event "EU-ch U18 blitz"]
[Site "Prague"]
[Date "2024.08.20"]
[Round "15"]
[White "Mametev, Artem"]
[Black "Chyzy, Jakub"]
[Result "1-0"]
[WhiteElo "2155"]
[BlackElo "2368"]
[PlyCount "67"]
[EventDate "2024.08.19"]
[EventType "swiss (blitz)"]
[EventRounds "18"]
[EventCountry "CZE"]
[SourceTitle "CBM 221 Extra"]
[Source "ChessBase"]
[SourceDate "2024.09.30"]
[SourceVersion "1"]
[SourceVersionDate "2024.09.30"]
[SourceQuality "1"]

1. e4 Nf6 2. e5 Nd5 3. d4 d6 4. c4 Nb6 5. f4 dxe5 6. fxe5 Nc6 7. Be3 Bf5 8. Nc3 e6 9. Nf3 Qd7 10. Be2 f6 11. d5 exd5 12. cxd5 Nxe5 13. Nxe5 fxe5 14. 0-0 a6 15. a4 Bd6 16. a5 Nc8 17. Bh5+ g6 18. g4 gxh5 19. gxf5 Qf7 20. Ne4 Ne7 21. Qa4+ Kd8 22. Rad1 Nxf5 23. Bg5+ Kc8 24. Nxd6+ cxd6 25. Qc2+ Kb8 26. Rxf5 Qg6 27. Rc1 h6 28. Qc7+ Ka7 29. Qb6+ Kb8 30. Rc7 Ra7 31. Rd7 Qxf5 32. Qc7+ Ka8 33. Rd8+ Rxd8 34. Qxd8+ 1-0

[Event "EU-ch U18 blitz"]
[Site "Prague"]
[Date "2024.08.20"]
[Round "10"]
[White "Nareks, Matic"]
[Black "Mametev, Artem"]
[Result "1/2-1/2"]
[WhiteElo "2330"]
[BlackElo "2155"]
[PlyCount "66"]
[EventDate "2024.08.19"]
[EventType "swiss (blitz)"]
[EventRounds "18"]
[EventCountry "CZE"]
[SourceTitle "CBM 221 Extra"]
[Source "ChessBase"]
[SourceDate "2024.09.30"]
[SourceVersion "1"]
[SourceVersionDate "2024.09.30"]
[SourceQuality "1"]

1. e4 c5 2. Nc3 d6 3. Bc4 e6 4. a3 Nc6 5. d3 a6 6. Ba2 Nf6 7. f4 Be7 8. Nf3 b5 9. 0-0 0-0 10. h3 Bb7 11. Kh1 d5 12. Qe1 dxe4 13. Nxe4 Nd4 14. Nxd4 cxd4 15. f5 Bd5 16. fxe6 Bxa2 17. Rxa2 fxe6 18. Ng5 Qd5 19. Qxe6+ Qxe6 20. Nxe6 Rfc8 21. Nxd4 Bc5 22. Ne6 Bb6 23. c3 Re8 24. Nf4 g5 25. d4 gxf4 26. Bxf4 Nd5 27. Be5 Rf8 28. Rxf8+ Rxf8 29. a4 b4 30. c4 Ne3 31. c5 Bd8 32. a5 Rf1+ 33. Kh2 Rf2 1/2-1/2

[Event "EU-ch U18 blitz"]
[Site "Prague"]
[Date "2024.08.19"]
[Round "2"]
[White "Mametev, Artem"]
[Black "Skrbec, Leon"]
[Result "0-1"]
[WhiteElo "2155"]
[BlackElo "2250"]
[PlyCount "100"]
[EventDate "2024.08.19"]
[EventType "swiss (blitz)"]
[EventRounds "18"]
[EventCountry "CZE"]
[SourceTitle "CBM 221 Extra"]
[Source "ChessBase"]
[SourceDate "2024.09.30"]
[SourceVersion "1"]
[SourceVersionDate "2024.09.30"]
[SourceQuality "1"]

1. e4 c6 2. d4 d5 3. Nc3 dxe4 4. Nxe4 Bf5 5. Ng3 Bg6 6. h4 h6 7. Nf3 Nd7 8. h5 Bh7 9. Bd3 Bxd3 10. Qxd3 Ngf6 11. Bd2 e6 12. 0-0-0 Be7 13. Kb1 0-0 14. Ne4 Nxe4 15. Qxe4 Nf6 16. Qe2 Qd5 17. Ne5 Rfd8 18. g4 Qe4 19. Qxe4 Nxe4 20. Be1 Bf6 21. Rd3 c5 22. f3 Ng5 23. Bg3 cxd4 24. Rhd1 Rd5 25. c4 Rxe5 26. f4 Re4 27. fxg5 hxg5 28. Bf2 e5 29. Rg1 Rc8 30. b3 Re2 31. Bg3 e4 32. Rdd1 d3 33. Rge1 Rb2+ 34. Kc1 Rxa2 35. Rxe4 Ra1+ 36. Kd2 Bc3+ 37. Kxd3 Rxd1+ 38. Kxc3 Rcd8 39. Bc7 R8d3+ 40. Kc2 R1d2+ 41. Kc1 Rg2 42. Re8+ Kh7 43. b4 Rc3+ 44. Kb1 Rxc4 45. Be5 Rxb4+ 46. Kc1 Rbxg4 47. h6 Kxh6 48. Rh8+ Kg6 49. Rg8 f6 50. Bd6 Rh4 0-1

[Event "EU-ch U18 blitz"]
[Site "Prague"]
[Date "2024.08.19"]
[Round "1"]
[White "Skrbec, Leon"]
[Black "Mametev, Artem"]
[Result "1-0"]
[WhiteElo "2250"]
[BlackElo "2155"]
[PlyCount "97"]
[EventDate "2024.08.19"]
[EventType "swiss (blitz)"]
[EventRounds "18"]
[EventCountry "CZE"]
[SourceTitle "CBM 221 Extra"]
[Source "ChessBase"]
[SourceDate "2024.09.30"]
[SourceVersion "1"]
[SourceVersionDate "2024.09.30"]
[SourceQuality "1"]

1. Nf3 Nf6 2. c4 g6 3. Nc3 Bg7 4. g3 0-0 5. Bg2 d6 6. d4 Nbd7 7. 0-0 e5 8. e4 a6 9. h3 b5 10. cxb5 axb5 11. dxe5 dxe5 12. Bg5 c6 13. Qd6 Bb7 14. Rad1 Qb8 15. Qxb8 Raxb8 16. Bxf6 Nxf6 17. Nxe5 Nxe4 18. Nd7 Nxc3 19. bxc3 Bxc3 20. Nxf8 Rxf8 21. Rd7 Bc8 22. Rc7 Be6 23. Rxc6 b4 24. a3 Rc8 25. axb4 Rxc6 26. Bxc6 Bxb4 27. Kg2 Kg7 28. g4 h5 29. Rb1 Be7 30. Bf3 hxg4 31. hxg4 Bd6 32. Rb6 Bf4 33. Rb5 f5 34. gxf5 Bxf5 35. Rb4 Bd6 36. Rd4 Be5 37. Ra4 Kf6 38. Bg4 Bc2 39. Rc4 Bd3 40. Rc8 Kg5 41. Kf3 Ba6 42. Rc5 Bb7+ 43. Ke2 Kf4 44. f3 Ba6+ 45. Ke1 Bb7 46. Rb5 Bc3+ 47. Kf2 Bd4+ 48. Kg2 Be5 49. Rxb7 1-0

[Event "EU-ch U18 rapid"]
[Site "Prague"]
[Date "2024.08.18"]
[Round "6"]
[White "Herega, Nejc"]
[Black "Mametev, Artem"]
[Result "1/2-1/2"]
[WhiteElo "2196"]
[BlackElo "2155"]
[PlyCount "251"]
[EventDate "2024.08.17"]
[EventType "swiss (rapid)"]
[EventRounds "9"]
[EventCountry "CZE"]
[SourceTitle "CBM 221 Extra"]
[Source "ChessBase"]
[SourceDate "2024.09.30"]
[SourceVersion "1"]
[SourceVersionDate "2024.09.30"]
[SourceQuality "1"]

1. d4 Nf6 2. Nf3 d5 3. c4 e6 4. g3 Be7 5. Bg2 dxc4 6. 0-0 0-0 7. Qc2 a6 8. a4 Bd7 9. Qxc4 Bc6 10. Bg5 Nbd7 11. Nc3 h6 12. Bxf6 Nxf6 13. Rac1 Qd6 14. Rfd1 Qb4 15. Qxb4 Bxb4 16. Ne5 Bxg2 17. Kxg2 Rfd8 18. e3 Nd7 19. Nxd7 Rxd7 20. Ne4 c6 21. Rc4 Be7 22. Rdc1 Rad8 23. b4 Ra8 24. Rb1 Rd5 25. Nc3 Rd7 26. Ne2 h5 27. h3 g6 28. Nf4 Kg7 29. Nd3 Rd5 30. Rc2 Bf6 31. f4 Rdd8 32. b5 axb5 33. axb5 cxb5 34. Kf2 Rdc8 35. Rxc8 Rxc8 36. Rxb5 Rc2+ 37. Kf3 h4 38. g4 Rc3 39. Ke4 Rc2 40. Rxb7 Rh2 41. g5 Bd8 42. Ne5 Rxh3 43. Nxf7 Ba5 44. Ne5+ Kg8 45. Nxg6 Bd2 46. Ke5 Bxe3 47. Kxe6 Bxd4 48. Ne5 Ra3 49. Rb8+ Kg7 50. Rb7+ Kg8 51. Rd7 Ra6+ 52. Kf5 Bc3 53. Rd8+ Kg7 54. Rd7+ Kg8 55. Rd8+ Kg7 56. Rd7+ Kg8 57. Rd3 Bb4 58. Ng4 Ra5+ 59. Kg6 Be7 60. f5 Ra3 61. Rd7 Bxg5 62. Kxg5 h3 63. Kg6 Kf8 64. Rh7 Rg3 65. Kg5 Kg8 66. Rh4 Kf7 67. Kf4 Ra3 68. Ne5+ Kf6 69. Rh6+ Kg7 70. Rg6+ Kh7 71. Rg1 Kh6 72. Nf3 Ra4+ 73. Kg3 Ra5 74. Kg4 Ra4+ 75. Kg3 Ra5 76. Kf4 Ra4+ 77. Ke3 Ra3+ 78. Ke4 Ra4+ 79. Nd4 Kh5 80. f6 h2 81. Rf1 Kg6 82. Ke5 Ra5+ 83. Ke6 Ra6+ 84. Ke7 Ra7+ 85. Ke6 Ra6+ 86. Ke7 Ra7+ 87. Kd6 Rh7 88. Rh1 Kxf6 89. Nf3 Kg7 90. Ke5 Rh3 91. Kf4 Rh6 92. Nxh2 Kh7 93. Kg3 Ra6 94. Rc1 Ra3+ 95. Kh4 Kg6 96. Rc5 Kf6 97. Ng4+ Ke6 98. Kg5 Rd3 99. Re5+ Kd6 100. Re8 Rf3 101. Ne5 Rf1 102. Nc4+ Kd7 103. Re5 Rc1 104. Ne3 Kd6 105. Kf4 Rc3 106. Rd5+ Ke6 107. Ra5 Rc1 108. Ra6+ Kd7 109. Nf5 Rc4+ 110. Ke5 Rc5+ 111. Ke4 Rc6 112. Ra5 Rc1 113. Kd5 Rd1+ 114. Nd4 Ke7 115. Ra7+ Kf6 116. Ra3 Rf1 117. Re3 Ra1 118. Ke4 Rf1 119. Rb3 Re1+ 120. Kd5 Ra1 121. Rf3+ Kg5 122. Rf8 Kg6 123. Rg8+ Kf6 124. Rf8+ Ke7 125. Rh8 Kf6 126. Ke4 1/2-1/2

[Event "EU-ch U18 rapid"]
[Site "Prague"]
[Date "2024.08.17"]
[Round "2"]
[White "Ribera Veganzones, Serni"]
[Black "Mametev, Artem"]
[Result "0-1"]
[WhiteElo "2309"]
[BlackElo "2155"]
[PlyCount "72"]
[EventDate "2024.08.17"]
[EventType "swiss (rapid)"]
[EventRounds "9"]
[EventCountry "CZE"]
[SourceTitle "CBM 221 Extra"]
[Source "ChessBase"]
[SourceDate "2024.09.30"]
[SourceVersion "1"]
[SourceVersionDate "2024.09.30"]
[SourceQuality "1"]

1. e4 c5 2. Nf3 d6 3. d4 cxd4 4. Nxd4 Nf6 5. Nc3 Nc6 6. Bg5 e6 7. Qd3 a6 8. Nxc6 bxc6 9. 0-0-0 h6 10. Bf4 d5 11. Be2 Be7 12. Qg3 Qa5 13. e5 Nd7 14. Qxg7 Rf8 15. Bxh6 Rb8 16. Qg3 Nc5 17. Bxf8 Bxf8 18. Qe3 Qb4 19. b3 a5 20. Rd4 Qa3+ 21. Kd2 a4 22. Rb1 Rb4 23. f4 Nd7 24. Nxa4 Qxa2 25. Rb2 Qa1 26. Rxb4 Bxb4+ 27. c3 Bc5 28. Qf3 Nb6 29. Qf1 Qa3 30. Qb1 Nxa4 31. Ra2 Nxc3 32. Kxc3 Qb4+ 33. Kc2 Qe4+ 34. Bd3 Qxg2+ 35. Kc3 d4+ 36. Kc4 Qd5# 0-1

[Event "Pardubice Czech op-E 35th"]
[Site "Pardubice"]
[Date "2024.07.13"]
[Round "4.4"]
[White "Mametev, Artem"]
[Black "Vyskocil, Neklan"]
[Result "1/2-1/2"]
[WhiteElo "2184"]
[BlackElo "2288"]
[PlyCount "70"]
[EventDate "2024.07.11"]
[EventType "team-swiss"]
[EventRounds "7"]
[EventCountry "CZE"]
[SourceTitle "CBM 221 Extra"]
[Source "ChessBase"]
[SourceDate "2024.09.30"]
[SourceVersion "1"]
[SourceVersionDate "2024.09.30"]
[SourceQuality "1"]
[WhiteTeam "Ricany 1925"]
[BlackTeam "Brno Kralovo Pole"]
[WhiteTeamCountry "CZE"]
[BlackTeamCountry "CZE"]

1. e4 c5 2. Nf3 Nc6 3. Nc3 e5 4. Bc4 Be7 5. d3 d6 6. Nd2 Nf6 7. Nf1 0-0 8. Ne3 Nd4 9. a4 Be6 10. Ned5 Nxd5 11. Nxd5 Bg5 12. c3 Bxc1 13. Rxc1 Nc6 14. 0-0 Ne7 15. Qb3 Nxd5 16. Bxd5 Bxd5 17. Qxd5 Qb6 18. f4 Rad8 19. Rc2 Qc6 20. Qxc6 bxc6 21. fxe5 dxe5 22. Rd2 Rd7 23. Kf2 Rb8 24. Ke3 c4 25. Rfd1 cxd3 26. Rxd3 Rxd3+ 27. Rxd3 Kf8 28. b4 Ke7 29. Rd2 h5 30. Kd3 Rd8+ 31. Kc2 Rxd2+ 32. Kxd2 g6 33. Ke3 f5 34. h4 Kd6 35. c4 c5 1/2-1/2

[Event "Plzen Calliditas op"]
[Site "Plzen"]
[Date "2023.08.24"]
[Round "7"]
[White "Mametev, Artem"]
[Black "Hladun, Bartlomiej"]
[Result "1/2-1/2"]
[WhiteElo "2035"]
[BlackElo "1632"]
[PlyCount "97"]
[EventDate "2023.08.19"]
[EventType "swiss"]
[EventRounds "9"]
[EventCountry "CZE"]
[SourceTitle "CBM 216 Extra"]
[Source "ChessBase"]
[SourceDate "2023.11.30"]
[SourceVersion "1"]
[SourceVersionDate "2023.11.30"]
[SourceQuality "1"]

1. e4 c5 2. Nf3 g6 3. d4 cxd4 4. Nxd4 Nc6 5. Nc3 Bg7 6. Be3 Nf6 7. Bc4 0-0 8. Bb3 Re8 9. f3 e6 10. f4 d5 11. e5 Nd7 12. Qf3 a6 13. 0-0-0 f6 14. Nxe6 Ndxe5 15. fxe5 Bxe6 16. exf6 Qxf6 17. Qxf6 Bxf6 18. Nxd5 Be5 19. Nb6 Rad8 20. Rxd8 Nxd8 21. Bxe6+ Rxe6 22. Rd1 Nf7 23. Bg1 Bf4+ 24. Kb1 Nd6 25. g3 Bg5 26. c3 h5 27. Nd5 Nc4 28. b3 Nd2+ 29. Kc2 Nf3 30. h4 Bh6 31. Nf4 Bxf4 32. gxf4 Nxh4 33. Rd8+ Kf7 34. Rd7+ Kf6 35. Rxb7 Nf3 36. Bc5 h4 37. Rh7 Kf5 38. a4 Kg4 39. b4 h3 40. b5 axb5 41. axb5 Nh4 42. Be7 Nf5 43. Bc5 Kg3 44. b6 Nd6 45. Bxd6 Rxd6 46. b7 Rb6 47. Rg7 Kxf4 48. Rxg6 Rxb7 49. Rh6 1/2-1/2

[Event "Plzen Calliditas op"]
[Site "Plzen"]
[Date "2023.08.21"]
[Round "3"]
[White "Mametev, Artem"]
[Black "Hurtak, Otto"]
[Result "1/2-1/2"]
[WhiteElo "2035"]
[BlackElo "1949"]
[PlyCount "97"]
[EventDate "2023.08.19"]
[EventType "swiss"]
[EventRounds "9"]
[EventCountry "CZE"]
[SourceTitle "CBM 216 Extra"]
[Source "ChessBase"]
[SourceDate "2023.11.30"]
[SourceVersion "1"]
[SourceVersionDate "2023.11.30"]
[SourceQuality "1"]

1. e4 c5 2. Nf3 Nc6 3. Bb5 e5 4. Bxc6 dxc6 5. 0-0 Bd6 6. h3 Ne7 7. c3 0-0 8. d4 cxd4 9. cxd4 exd4 10. Nxd4 Ng6 11. Be3 Qe7 12. Nc3 f5 13. exf5 Bxf5 14. Nxf5 Rxf5 15. Qd4 Bc5 16. Qc4+ Qf7 17. Qxf7+ Kxf7 18. Ne4 Be7 19. Rad1 Rd5 20. Rxd5 cxd5 21. Nc3 Rd8 22. Rd1 Bf6 23. Rxd5 Rxd5 24. Nxd5 Bxb2 25. Bxa7 Ke6 26. Ne3 Ne5 27. Kf1 Nc6 28. Bb6 Bd4 29. Bxd4 Nxd4 30. Ke1 b5 31. Kd2 b4 32. Nc2 Nc6 33. Kd3 Kd5 34. f4 Kc5 35. g4 g6 36. Ne3 Nd4 37. f5 gxf5 38. Nxf5 Nb5 39. h4 Kd5 40. Ng3 Ke5 41. Kc4 Nc3 42. a3 bxa3 43. Kxc3 Kf4 44. g5 Kg4 45. Kb3 Kxh4 46. Ne4 Kg4 47. Kxa3 Kf5 48. Nf6 Kxg5 49. Nxh7+ 1/2-1/2

[Event "Plzen Calliditas op"]
[Site "Plzen"]
[Date "2023.08.21"]
[Round "4"]
[White "Soural, Jan"]
[Black "Mametev, Artem"]
[Result "0-1"]
[WhiteElo "2210"]
[BlackElo "2035"]
[PlyCount "72"]
[EventDate "2023.08.19"]
[EventType "swiss"]
[EventRounds "9"]
[EventCountry "CZE"]
[SourceTitle "CBM 216 Extra"]
[Source "ChessBase"]
[SourceDate "2023.11.30"]
[SourceVersion "1"]
[SourceVersionDate "2023.11.30"]
[SourceQuality "1"]

1. Nf3 Nf6 2. c4 g6 3. Nc3 Bg7 4. e4 d6 5. d4 0-0 6. Be2 e5 7. d5 a5 8. Bg5 h6 9. Be3 Ng4 10. Bd2 f5 11. h3 Nf6 12. exf5 gxf5 13. Qc1 f4 14. g3 e4 15. Nh4 e3 16. fxe3 fxg3 17. Ng6 g2 18. Rg1 Bxh3 19. Qc2 Ng4 20. 0-0-0 Nf2 21. Nxf8 Qxf8 22. Be1 Nxd1 23. Nxd1 Nd7 24. Nf2 Bf5 25. e4 Bh7 26. Rxg2 Kh8 27. Bg4 Ne5 28. Bf5 Qe8 29. Bxh7 Kxh7 30. Bc3 Qh5 31. Qd1 Qxd1+ 32. Kxd1 Bh8 33. Ke2 Ng6 34. Kd2 Bxc3+ 35. Kxc3 Rf8 36. Kd2 Nh4 0-1

[Event "Klatovy op-A 29th"]
[Site "Klatovy"]
[Date "2023.07.08"]
[Round "8"]
[White "Mametev, Artem"]
[Black "Stary, Vojtech"]
[Result "1-0"]
[WhiteElo "1991"]
[BlackElo "1752"]
[PlyCount "45"]
[EventDate "2023.07.01"]
[EventType "swiss"]
[EventRounds "9"]
[EventCountry "CZE"]
[SourceTitle "CBM 215 Extra"]
[Source "ChessBase"]
[SourceDate "2023.09.30"]
[SourceVersion "1"]
[SourceVersionDate "2023.09.30"]
[SourceQuality "1"]

1. e4 g6 2. d4 Nf6 3. e5 Nh5 4. Be2 Ng7 5. Nf3 d5 6. 0-0 Bg4 7. c4 c6 8. cxd5 cxd5 9. Nc3 e6 10. Qb3 Qd7 11. Bg5 Bxf3 12. Bxf3 Nc6 13. Rfd1 Nf5 14. Bxd5 Na5 15. Ne4 Be7 16. Qc3 Qxd5 17. Bxe7 Qxe4 18. Bf6 0-0 19. Qxa5 Nxd4 20. Qd2 Ne2+ 21. Kh1 Nf4 22. f3 Qa4 23. b3 1-0

[Event "CZE-ch U16"]
[Site "Teplice"]
[Date "2023.03.18"]
[Round "9"]
[White "Mametev, Artem"]
[Black "Paseka, Matyas"]
[Result "0-1"]
[WhiteElo "2074"]
[BlackElo "2082"]
[PlyCount "60"]
[EventDate "2023.03.11"]
[EventType "swiss"]
[EventRounds "9"]
[EventCountry "CZE"]
[SourceTitle "CBM 213 Extra"]
[Source "ChessBase"]
[SourceDate "2023.05.31"]
[SourceVersion "1"]
[SourceVersionDate "2023.05.31"]
[SourceQuality "1"]

1. e4 c5 2. Nf3 d6 3. d4 cxd4 4. Nxd4 Nf6 5. Nc3 Nc6 6. Bc4 Qb6 7. Nde2 e6 8. a3 a6 9. 0-0 Be7 10. Ba2 Qc7 11. Kh1 b5 12. f4 h6 13. f5 e5 14. h3 Bb7 15. Ng3 Rc8 16. Nh5 0-0 17. Nd5 Qd8 18. Nhxf6+ Bxf6 19. Qg4 Kh7 20. Be3 Nd4 21. Nxf6+ Qxf6 22. Bf2 Rxc2 23. Rac1 Re2 24. Bxd4 Rxe4 25. Rf4 Rxd4 26. Rxd4 exd4 27. Rd1 Re8 28. Qxd4 Re1+ 29. Kh2 Rxd1 30. Qxd1 Qxb2 0-1

[Event "CZE-chT2A 2223"]
[Site "Czech Republic"]
[Date "2022.11.06"]
[Round "2.8"]
[White "Mametev, Artem"]
[Black "Slapak, Zdenek"]
[Result "1-0"]
[WhiteElo "1890"]
[BlackElo "2032"]
[PlyCount "61"]
[EventDate "2022.10.16"]
[EventType "team-tourn"]
[EventRounds "11"]
[EventCountry "CZE"]
[SourceTitle "EXT 2024"]
[Source "ChessBase"]
[SourceDate "2023.10.10"]
[SourceVersion "1"]
[SourceVersionDate "2023.10.10"]
[SourceQuality "1"]
[WhiteTeam "Plzen"]
[BlackTeam "Pisek"]
[WhiteTeamCountry "CZE"]
[BlackTeamCountry "CZE"]

1. e4 c5 2. Nf3 d6 3. d4 cxd4 4. Nxd4 Nf6 5. Nc3 a6 6. Bc4 e6 7. Bb3 Be7 8. g4 h6 9. h4 Nc6 10. Rg1 Qa5 11. Nxc6 bxc6 12. Bd2 Qc7 13. g5 hxg5 14. hxg5 Ng8 15. Qf3 Bd7 16. Rh1 Rxh1+ 17. Qxh1 Bf8 18. 0-0-0 Ne7 19. f4 c5 20. Qf1 g6 21. Be1 Nc6 22. e5 dxe5 23. Ne4 Be7 24. fxe5 Qxe5 25. Qd3 Bxg5+ 26. Kb1 Rd8 27. Bg3 Bf4 28. Bxf4 Qxf4 29. Rf1 Qh4 30. Nd6+ Kf8 31. Rxf7+ 1-0